意大利大区测试 - Statistics

General Stats
  • This quiz has been taken 28 times
  • The average score is 10 of 20
Answers on the Map
Answers color-coded by a green-red scale on the quiz's map according to % correct below.
 
Answer Stats
Answer % Correct
西西里
100%
撒丁
100%
托斯卡纳
74%
拉齐奥
74%
伦巴第
74%
威尼托
70%
艾米利亚-罗马涅
57%
卡拉布里亚
52%
利古里亚
52%
皮埃蒙特
48%
弗留利-威尼斯朱利亚
43%
特伦蒂诺-上阿迪杰
43%
坎帕尼亚
35%
普利亚
30%
翁布里亚
30%
巴西利卡塔
22%
瓦莱达奥斯塔
22%
莫利塞
17%
阿布鲁佐
13%
马尔凯
9%
No matching quizzes found
Score Distribution
Percent of People with Each Score
Percentile by Number Answered
Your Score History
You have not taken this quiz